| 000 | 00419nam a2200145 4500 | ||
|---|---|---|---|
| 999 |
_c9496 _d9496 |
||
| 003 | OSt | ||
| 005 | 20210629124654.0 | ||
| 008 | 210629b ||||| |||| 00| 0 eng d | ||
| 020 | _a9781631590559 | ||
| 082 |
_a741.2 _bKRA |
||
| 100 | _a Krahula, Beckah | ||
| 245 | _a Tangle journey : exploring the far reaches of tangle drawing, from simple strokes to color and mixed media | ||
| 260 |
_aUSA _bQuarry _c2016 |
||
| 942 | _2ddc | ||